Parity of the sexes / (Record no. 3441)
[ view plain ]
| 000 -LEADER | |
|---|---|
| fixed length control field | 01100cam a2200313 a 4500 |
| 001 - CONTROL NUMBER | |
| control field | 12193379 |
| 003 - CONTROL NUMBER IDENTIFIER | |
| control field | GZU |
| 005 - DATE AND TIME OF LATEST TRANSACTION | |
| control field | 20201130122410.0 |
| 008 - FIXED-LENGTH DATA ELEMENTS--GENERAL INFORMATION | |
| fixed length control field | 001002s2001 nyu b 001 0 eng |
| 010 ## - LIBRARY OF CONGRESS CONTROL NUMBER | |
| LC control number | 00047496 |
| 020 ## - INTERNATIONAL STANDARD BOOK NUMBER | |
| International Standard Book Number | 0231115660 (cloth) |
| 040 ## - CATALOGING SOURCE | |
| Original cataloging agency | DLC |
| Transcribing agency | DLC |
| Modifying agency | DLC |
| 041 1# - LANGUAGE CODE | |
| Language code of text/sound track or separate title | eng |
| Language code of original | fre |
| 042 ## - AUTHENTICATION CODE | |
| Authentication code | pcc |
| 050 00 - LIBRARY OF CONGRESS CALL NUMBER | |
| Classification number | HQ1075 |
| Item number | AGA 2001 |
| 100 1# - MAIN ENTRY--PERSONAL NAME | |
| Personal name | Agacinski, Sylviane. |
| 240 10 - UNIFORM TITLE | |
| Uniform title | Politique des sexes. |
| Language of a work | English |
| 245 10 - TITLE STATEMENT | |
| Title | Parity of the sexes / |
| Statement of responsibility, etc. | Sylviane Agacinski ; translated by Lisa Walsh. |
| 260 ## - PUBLICATION, DISTRIBUTION, ETC. | |
| Place of publication, distribution, etc. | New York : |
| Name of publisher, distributor, etc. | Columbia University Press, |
| Date of publication, distribution, etc. | c2001. |
| 300 ## - PHYSICAL DESCRIPTION | |
| Extent | xxxiv, 194 p. |
| Dimensions | 18 cm. |
| 440 #0 - SERIES STATEMENT/ADDED ENTRY--TITLE | |
| Title | European perspectives |
| 504 ## - BIBLIOGRAPHY, ETC. NOTE | |
| Bibliography, etc. note | Includes bibliographical references and index. |
| 650 #0 - SUBJECT ADDED ENTRY--TOPICAL TERM | |
| Topical term or geographic name entry element | Sex role. |
| 650 #0 - SUBJECT ADDED ENTRY--TOPICAL TERM | |
| Topical term or geographic name entry element | Sex differences (Psychology) |
| 650 #0 - SUBJECT ADDED ENTRY--TOPICAL TERM | |
| Topical term or geographic name entry element | Gender identity. |
| 906 ## - LOCAL DATA ELEMENT F, LDF (RLIN) | |
| a | 7 |
| b | cbc |
| c | orignew |
| d | 1 |
| e | ocip |
| f | 20 |
| g | y-gencatlg |
| 942 ## - ADDED ENTRY ELEMENTS (KOHA) | |
| Source of classification or shelving scheme | Library of Congress Classification |
| Koha item type | Books |
| Classification part | 1075 |
| Item part | AGA |
| Call number prefix | HQ |
| Withdrawn status | Lost status | Damaged status | Not for loan | Collection code | Home library | Current library | Shelving location | Date acquired | Total Checkouts | Full call number | Barcode | Date last seen | Copy number | Price effective from | Koha item type |
|---|---|---|---|---|---|---|---|---|---|---|---|---|---|---|---|
| Non-fiction | City Campus Library | City Campus Library | General Stacks | 11/30/2020 | HQ 1075 AGA 2001 | 027481 | 11/30/2020 | c.1 | 11/30/2020 | Books |